Eurodance Artists by Picture - Statistics

General Stats
  • This quiz has been taken 24 times
  • The average score is 10 of 24
Answer Stats
Picture Answer % Correct
Scooter
76%
2 Unlimited
71%
Ace of Base
71%
Captain Jack
67%
DJ Bobo
67%
Mr. President
62%
Aqua
57%
Haddaway
57%
Dr Alban
52%
Rednex
52%
Vengaboys
52%
Culture Beat
48%
La Bouche
43%
Snap!
43%
E-Rotic
38%
No Mercy
33%
Gala
29%
Magic Affair
14%
Prince Ital Joe
14%
Sash!
14%
Bellini
5%
Alcazar
0%
Jam & Spoon
0%
N-Trance
0%
No matching quizzes found
Score Distribution
Percent of People with Each Score
Percentile by Number Answered
Your Score History
You have not taken this quiz